Kunst in Kamerun / (Record no. 27007)

000 -LEADER
fixed length control field 01486cam a2200349 a 4500
001 - CONTROL NUMBER
control field 2568297
003 - CONTROL NUMBER IDENTIFIER
control field OSt
005 - DATE AND TIME OF LATEST TRANSACTION
control field 20170207103133.0
008 - FIXED-LENGTH DATA ELEMENTS--GENERAL INFORMATION
fixed length control field 941031s1994 sz a bc 000 0 ger d
010 ## - LIBRARY OF CONGRESS CONTROL NUMBER
LC control number 95154561
020 ## - INTERNATIONAL STANDARD BOOK NUMBER
International Standard Book Number 3952053821
035 ## - SYSTEM CONTROL NUMBER
System control number (OCoLC)31380653
040 ## - CATALOGING SOURCE
Original cataloging agency NNM
Transcribing agency NNM
Modifying agency DLC
-- DLC
042 ## - AUTHENTICATION CODE
Authentication code lccopycat
043 ## - GEOGRAPHIC AREA CODE
Geographic area code f-cm---
-- e-sz---
050 04 - LIBRARY OF CONGRESS CALL NUMBER
Classification number N7399.C3M88 1994
110 2# - MAIN ENTRY--CORPORATE NAME
Corporate name or jurisdiction name as entry element Museum für Völkerkunde und Schweizerisches Museum für Volkskunde Basel.
245 10 - TITLE STATEMENT
Title Kunst in Kamerun /
Statement of responsibility, etc. Bernhard Gardi.
260 ## - PUBLICATION, DISTRIBUTION, ETC. (IMPRINT)
Place of publication, distribution, etc. [Basel :
Name of publisher, distributor, etc. Museum für Völkerkunde und Schweizerisches Museum für Volkskunde Basel,
Date of publication, distribution, etc. 1994.
300 ## - PHYSICAL DESCRIPTION
Extent 139 p. :
Other physical details ill. (some col.) ;
Dimensions 22 cm.
500 ## - GENERAL NOTE
General note Includes bibliographical references.
610 20 - SUBJECT ADDED ENTRY--CORPORATE NAME
Corporate name or jurisdiction name as entry element Museum für Völkerkunde und Schweizerisches Museum für Volkskunde Basel
General subdivision Exhibitions.
650 #0 - SUBJECT ADDED ENTRY--TOPICAL TERM
Topical term or geographic name as entry element Art, Cameroonian
General subdivision Exhibitions.
650 #0 - SUBJECT ADDED ENTRY--TOPICAL TERM
Topical term or geographic name as entry element Art
Geographic subdivision Switzerland
-- Basel
General subdivision Exhibitions.
700 1# - ADDED ENTRY--PERSONAL NAME
Personal name Gardi, Bernhard.
906 ## - LOCAL DATA ELEMENT F, LDF (RLIN)
a 7
b cbc
c copycat
d 3
e ncip
f 19
g y-gencatlg
942 ## - ADDED ENTRY ELEMENTS (KOHA)
Source of classification or shelving scheme
Koha item type Hard Covered Materials
Classification part N7399.C3M88 1994
Call number prefix 34559
Holdings
Withdrawn status Lost status Source of classification or shelving scheme Damaged status Not for loan Home library Current library Shelving location Date acquired Source of acquisition Total Checkouts Full call number Barcode Date last seen Price effective from Koha item type
          MACHAKOS UNIVERSITY LIBRARY MACHAKOS UNIVERSITY LIBRARY Open shelf 07/02/2017 Donation(BFA)   N7399.C3M88 1994 34559 07/02/2017 07/02/2017 Hard Covered Materials
© Machakos University Library, Along The Highway, Machakos Wote Rd, Machakos, Kenya P.O. Box 136 - 90100 Machakos - Kenya

Tel: ( +254 ) 723 805829 OR Fax : 044-20353 OR Email: library@mksu.ac.ke